Pharmaceutical Preparations (Record no. 73610)

MARC details
000 -LEADER
fixed length control field 00417pam a2200169 a 4500
020 ## - INTERNATIONAL STANDARD BOOK NUMBER
Terms of availability
041 ## - LANGUAGE CODE
Language code of original
082 ## - DEWEY DECIMAL CLASSIFICATION NUMBER
Classification number 615.191
Item number CRO
100 ## - MAIN ENTRY--PERSONAL NAME
Personal name Crossen, George E.
245 ## - TITLE STATEMENT
Title Pharmaceutical Preparations
Medium Textual Documents
250 ## - EDITION STATEMENT
Edition statement 3rd ed.
260 ## - PUBLICATION, DISTRIBUTION, ETC.
Place of publication, distribution, etc. Philadelphia
Name of publisher, distributor, etc. Lea and Febiger
300 ## - PHYSICAL DESCRIPTION
Extent 265.
653 ## - INDEX TERM--UNCONTROLLED
Uncontrolled term Pharmaceutics(Manufacture & Preparation)
700 ## - ADDED ENTRY--PERSONAL NAME
Personal name Goldner, Karl J.
930 ## - EQUIVALENCE OR CROSS-REFERENCE-UNIFORM TITLE HEADING [LOCAL, CANADA]
Uniform title 295
Holdings
Withdrawn status Lost status Damaged status Not for loan Collection Home library Current library Date acquired Cost, normal purchase price Total Checkouts Full call number Barcode Date last seen Copy number Price effective from Koha item type
          Poona College of Pharmacy, Pune Poona College of Pharmacy, Pune 29/06/2013 4.00   615.191 CRO PCP-DG-66 24/02/2023 1 24/02/2023 Book